000 00431nam a22001817a 4500
003 CEME
005 20210628202409.0
008 210302b xxu||||| |||| 00| 0 eng d
020 _a0-07-035422-7
040 _c.
082 _a621.3824 KRA
100 _aKraus, John D
_959754
245 _aAntennas
260 _aNEW YORK
_bMCGRAW HILL
_c1988
300 _aXIX,892P
650 _aANTENNAS-ELECTRONIC
_959755
942 _cBK
_2ddc
999 _c569655
_d569655